00804cam a2200193 a 450000100100000000500170001000800410002702000150006804000250008304100380010808200150014610000200016124000850018124501600026626000410042630000210046753400950048870000270058300002554620200930023852.0901219s1973 ag a 000 | spa d a9501800059 aDO-SdBNPbspacBNPHU aspahgem2Código de idioma MARC axxxbR347i1 aReich, Wilhelm, 0aDer einbrusch der sexualmoral, zur geschichte der sexuallen okonomie.lEspañol13aLa irrupción de la moral sexual :bestudio de los orígenes del carácter compulsivo de la moral sexual /cWilhelm Reich ; traducción Delia García. aBuenos Aires :bHomo Sapiens,c1973. a179 p. ;c23 cm. aTítulo original :tDer einbrusch der sexualmoral, zur geschichte der sexuallen okonomie.1 aGarcía, Delia ,etr.